000 00362nam a2200121 a 4500
005 20140414093847.0
008 100223s19uu xx uuu eng d
050 _aCDB 460
_bESP 2006
245 _aEspanol en marcha 1 :
_bcurso de Espanol como lengua estranjera.
650 _aSpanish language
_xstudy and teaching (Secondary).
942 _cAVM
999 _c109639
_d109639